| 000 | 00358nam a22001457a 4500 | ||
|---|---|---|---|
| 020 | _a9971512718 | ||
| 040 | _cNust | ||
| 082 |
_a519.52 _bCOC |
||
| 100 |
_aCochran _993917 |
||
| 245 | _aSampling Techniques | ||
| 250 | _a3rd Edition | ||
| 260 |
_aSingapore: _bJohn Wiley and sons Inc, _c2002. |
||
| 650 |
_aSampling Techniques _963794 |
||
| 942 |
_2ddc _cBK |
||
| 999 |
_c610678 _d610678 |
||